000 00748nam a2200241Ia 4500
003 OSt
005 20220926022254.0
006 a|||||r|||| 00| 0
007 ta
008 220923b |||||||| |||| 00| 0 eng d
020 _a9789211171396
037 _cGeneral Book
040 _aRTL
_cRTL
_beng
041 _2eng
_aeng
082 _aY9(W), Q8/UN
100 _aUNITED NATIONS ECONOMIC COMMISSION FOR EUROPE
245 0 _aGuidance on modernizing statistical legislation
260 _aNew York
_bUnited Nations
_c2018
300 _avi,132p
_ccm.
500 _aBibliography chapterwise. Appendix: P 217-26
942 _hY9(W), Q8/UN
_cGB
_2CC
999 _c639046
_d639046